000
00328nam a22001337a 4500
020
_a
92-5-103404-4
041
_a
ENG
100
_a
Chidley.T.R.E
245
_a
Computerized Systems Of Land Eesources Appraisal For Agricultural Development
260
_a
Rome
_b
FAO
_c
1993
300
_a
245
650
_a
FAO
856
_u
FAO (01)
999
_c
2392
_d
2392